Test Pamięci Krótkotrwałej - Kraje na Mapie Świata - Statystyki

Ogólne statystyki
  • Ten quiz został rozwiązany 257 razy
  • Średni wynik to 9 z 15
Odpowiedzi na mapie
Odpowiedzi zakodowano w zielono-czerwonej skali na mapie do tego quizu, zgodnie z poniższymi procentami.
 
Statystyki odpowiedzi
Kraje % Poprawnych
Chiny
100%
Etiopia
100%
Indonezja
100%
Kanada
100%
Meksyk
100%
Nowa Zelandia
100%
Stany Zjednoczone
100%
Szwecja
100%
Wielka Brytania
100%
Rosja
92%
Włochy
92%
Francja
90%
Indie
90%
Egipt
89%
Japonia
89%
Madagaskar
89%
Austria
88%
Filipiny
88%
Kolumbia
88%
Peru
88%
Urugwaj
88%
Wyspy Marshalla
86%
Demokratyczna Republika Konga
83%
Litwa
82%
Boliwia
80%
Brazylia
80%
Hiszpania
80%
Honduras
80%
Kenia
80%
Niemcy
80%
Niger
80%
Polska
80%
Somalia
80%
Dania
78%
Pakistan
78%
Panama
77%
Argentyna
75%
Australia
75%
Białoruś
75%
Bośnia i Hercegowina
75%
Kongo
75%
Korea Północna
75%
Nikaragua
75%
Rumunia
75%
Szwajcaria
75%
Ukraina
75%
Bułgaria
73%
Czechy
73%
Słowacja
73%
Sudan
73%
Kirgistan
71%
Finlandia
70%
Kazachstan
70%
Uzbekistan
70%
Belgia
67%
Benin
67%
Chorwacja
67%
Gujana
67%
Kamerun
67%
Łotwa
67%
Mongolia
67%
Namibia
67%
Portugalia
67%
Tanzania
67%
Chile
64%
Ekwador
63%
Grecja
63%
Jordania
63%
Libia
63%
Armenia
62%
Republika Południowej Afryki
60%
Kuba
58%
Botswana
57%
Burkina Faso
57%
Estonia
57%
Malezja
57%
Nigeria
57%
Norwegia
57%
Republika Zielonego Przylądka
57%
Serbia
57%
Wenezuela
57%
Algieria
56%
Bahamy
56%
Oman
55%
Tunezja
55%
Czad
50%
Dominikana
50%
Gwatemala
50%
Irak
50%
Kambodża
50%
Korea Południowa
50%
Laos
50%
Malediwy
50%
Mauretania
50%
Mauritius
50%
Mjanma
50%
Mołdawia
50%
Republika Środkowoafrykańska
50%
Samoa
50%
Seszele
50%
Sudan Południowy
50%
Tajwan
50%
Turcja
50%
Węgry
50%
Mikronezja
45%
Iran
44%
Papua-Nowa Gwinea
44%
Surinam
44%
Ghana
43%
Holandia
43%
Kiribati
43%
Maroko
43%
Erytrea
40%
Islandia
40%
Nepal
40%
Syria
40%
Afganistan
38%
Angola
38%
Arabia Saudyjska
38%
Paragwaj
38%
Tajlandia
38%
Zjednoczone Emiraty Arabskie
38%
Fidżi
36%
Bangladesz
33%
Bhutan
33%
Gruzja
33%
Gwinea
33%
Jemen
33%
Mali
33%
Mozambik
33%
Zimbabwe
33%
Palau
30%
Azerbejdżan
29%
Komory
29%
Wyspy Świętego Tomasza i Książeca
29%
Gabon
25%
Uganda
25%
Wietnam
25%
Wybrzeże Kości Słoniowej
25%
Wyspy Salomona
25%
Nauru
22%
Irlandia
20%
Sri Lanka
20%
Tonga
20%
Turkmenistan
20%
Zambia
20%
Liberia
17%
Senegal
17%
Tadżykistan
17%
Vanuatu
17%
Lesotho
14%
Sierra Leone
14%
Tuvalu
14%
Malawi
11%
Nie znaleziono quizów pasujących do podanych kryteriów
Rozkład punktacji
Procent ludzi z każdym wynikiem
Percentyl według liczby udzielonych odpowiedzi
Twoja historia wyników
Nie rozwiązałeś tego quizu